Richard Nixon Trivia - Statistics

General Stats
  • This quiz has been taken 60 times
  • The average score is 8 of 13
Answer Stats
Question Answer Answer % Correct
Who did Nixon run against the first time he ran for president? John F. Kennedy
91%
Who did Richard Nixon serve as vice president under? Dwight D. Eisenhower
87%
What country did Nixon ease relations with culminating with his visit in 1972? China
85%
Richard Nixon popularized the phrase ________ majority Silent
80%
Who was Richard Nixon's first Vice President? Spiro Agnew
72%
Who was Secretary of State Under Richard Nixon? Henry Kissinger
67%
If the president does it it's not _________ illegal
67%
What Religion was Nixon born into? Quakers
65%
Which executive agency was created by Nixon? Environmental Protection Agency
54%
What is the name given to the speech Nixon gave in 1952 when he was accused of operating a slush fund? Checkers Speech
52%
What was the name of Richard Nixon's policy in Vietnam? Vietnamization
33%
What was the name of the series of resignations that took place after Nixon fired the special prosecutor investigating him? Saturday Night Massacre
24%
What proved that Nixon was involved in Watergate coverup? Smoking gun tape
11%
No matching quizzes found
Score Distribution
Percent of People with Each Score
Percentile by Number Answered
Your Score History
You have not taken this quiz